01223nam a2200289Ia 4500001001000000003000500010008004100015010001100056040000900067090001600076100003300092245010600125260003400231300001000265502010200275650003300377710005700410901001600467902000600483905006300489910000900552942000900561942001200570999001900582952016700601952016500768Para_5684CHAP220125s1979 xx 000 0 und d a204114 cCHAP aPA TESIS 33 aBáez Landa, Antonio913256 aIdentificación y biología del ácaro del maíz en Chapingo, Méx. /c por Antonio Báez Landa aChapingo, Méx. :b el autor a34 p. aTesis (Ing. Agr. Esp. en Parasitología Agrícola) ENA. Departamento Parasitología Agrícola aOligonychus mexicanus983016 aENA. Departamento Parasitología Agrícola9164684 aPA TESIS 33 aM a0000001979 0000000000 00 a1979 cPARA cPARAd2 c204114d204114 00102local4053708TESISaPAbPAd2005-10-27fPARAi(PA_3085-2) (No. UACh CONSUMO)l0oPA TESIS 33p4101000042r2022-01-25 00:00:00tEj.2w2022-01-25yTESISz3 00102local4051708TESISaPAbPAd2005-10-27fPARAi(PA_3085) (No. UACh CONSUMO)l0oPA TESIS 33p4101000041r2022-01-25 00:00:00tEj.1w2022-01-25yTESISz3